000 00416nam a2200181Ia 4500
001 3397
005 20260306145640.0
008 260306t2002||||xx |||||||||||||| ||spa||
041 _aESP
082 _a272
_bN49
100 _aNewman, John Henry
_eAUT
245 4 _aThe church of the fathers
260 _c2002
300 _a679 páginas :
_c19 cm.
650 _aGEN
654 _aCHU
942 _cLIB
_dJUS
_fJUS
_2ddc
_n
999 _c3397
_d3397